LEADER 01457nam a2200313 u 4500 001 000000047599 003 CaOOAMICUS 005 20070226114913.0 008 991202s1994 it u000 u ita u 020 $a8807101688 035 $a10836821 040 $aPUL$bita$dPUL(R) 041 1 $aita$heng 100 1 $aBernstein, Richard J.$0(OLS)http://pul/name/34595 240 10$aNew constellation, the ethical political horizons of Modernity Postmodernity.$lItaliano.$0(OLS)http://pul/title/64090 245 13$aLa nuova costellazione :$bgli orizzonti etico-politici del moderno/postmoderno /$cRichard J. Bernstein ; traduzione di Sergio Cremaschi. 260 $aMilano :$bFeltrinelli,$c1994. 300 $a333 p. ;$c22 cm 490 1 $aCampi del sapere/ Feltrinelli 504 $aBibliografia: p. 299-330. 650 4$aFilosofia politica$xAntologia.$0(OLS)http://pul/subject/20051 700 1 $aCremaschi, Sergio.$0(OLS)http://pul/name/34596 830 0$aCampi del sapere (Feltrinelli).$0(OLS)http://pul/title/20268 850 $aPUL 852 $aPUL$W1$xSL Filosofia 1$y2$m84 L 103$j63578$nBK-PRI$b $qStampati$B63578$CPULBib$Z2$F63578 $H $81 941 1 $a8 996 $6020$a8807101688$9(OLS)http://pul/number/59512 996 $6245$aLa nuova costellazione :$bgli orizzonti etico-politici del moderno/postmoderno$9(OLS)http://pul/title/64091 996 $6260$aMilano :$bFeltrinelli$9(OLS)http://pul/publisher/48846 LEADER 00892nam a2200241 u 4500 001 000000053827 003 CaOOAMICUS 005 20070226115614.0 008 001122s1982 ag u000 u spa u 035 $a10862090 040 $aPUL(R)$bita 100 1 $aCaturelli, Alberto.$0(OLS)http://pul/name/2144 245 10$aMetafisica del trabajo /$cAlberto Caturelli. 260 $aBuenos Aires :$bLibreria Huemul,$c1982. 300 $a175 p. ;$c20 cm 500 $aInclude indici. 650 4$aMetafisica.$0(OLS)http://pul/subject/433 850 $aPUL 852 $aPUL$W1$xDP1 Fondo Giannini$y60$m1556 D 17$j70952$nBK-PRI$b $qFondi$B70952$CPULBib$Z2$F70952 $H $81 941 1 $a1 961 $aINV: F: Giannini 996 $6245$aMetafisica del trabajo$9(OLS)http://pul/title/72196 996 $6260$aBuenos Aires :$bLibreria Huemul$9(OLS)http://pul/publisher/68649